Emprendimientos y sus implicaciones en el desarrollo de Santiago de Cali 2010-2011

Bibliographic Details
Main Author: Pereira Laverde, Fernando
Other Authors: Osorio Tinoco, Fabiǹ
Format: eBook
Language:Spanish
Published: Bogot ̀: Ediciones de la U, 2012
Subjects:
Online Access:Acceso restringido

MARC

LEADER 00000nam a22000007a 4500
005 2012042305305.0
007 cr|||| ||||
008 120423s2012 co |||||s|||| 00||0 spa d
020 |a 978-958-8347-59-2 
035 |a 6287 
040 |a vLex 
090 |c 3133  |d 3133 
100 1 |a Pereira Laverde, Fernando 
245 1 0 |a Emprendimientos y sus implicaciones en el desarrollo de Santiago de Cali 2010-2011  |h [Recurso electrn̤ico] /  |c Fernando Pereira Laverde, Fabiǹ Osorio Tinoco 
256 |a Servicio en ln̕ea 
260 |a Bogot ̀:  |b Ediciones de la U,  |c 2012 
300 |a 1 recurso electrn̤ico 
506 1 |a Contenido solo disponible en los productos indicados  |d vLex Global   |d vLex Global (Academic Edition, excluding Law Schools)   |d vLex Global (U.S. Academic Edition, Law Schools)   |d vLex Global (U.S. Academic Edition, excluding Law Schools)   |d vLex Global (Academic Edition, Law Schools)  
650 0 4 |a Emprendedura̕  |z Colombia 
700 1 |a Osorio Tinoco, Fabiǹ 
740 0 |a vLex Libros (Servicio en ln̕ea) 
856 4 0 |u http://vlex.com/source/6287  |z Acceso restringido 
942 |c BOOK 
999 0 |a Entrepreneurship